[Event "TUR-chT Superleague 2018"]
[Site "Ankara"]
[Date "2018.07.29"]
[Round "5"]
[White "Safarli, Eltaj"]
[Black "Mchedlishvili, Mikheil"]
[Result "1/2-1/2"]
[WhiteElo "2667"]
[BlackElo "2608"]
[Annotator "TA"]
[PlyCount "34"]
[EventDate "2018.07.25"]
[EventType "team-tourn"]
[EventCountry "TUR"]
[SourceTitle "playchess.com"]
[Source "ChessBase"]
[SourceQuality "1"]

{[%evp 21,34,16,17,15,8,13,11,0,8,0,4,0,8,0,14]} 1. Nf3 Nf6 2. c4 c5 3. Nc3 Nc6 4. d4 cxd4 5. Nxd4 e6 6. a3 Be7 7. e4 O-O {A33: Symmetrical English: 2 Nf3 Nf6 3 d4 cxd4 4 Nxd4 e6 5 Nc3 Nc6} 8. Nf3 Qa5 9. Bd2 Qh5 10. Be2 d5 11. cxd5 exd5 {LiveBook: 9 Games. The position is equal.} 12. exd5 Nxd5 13. Nd4 (13. O-O Nf6 14. Nd4 Qc5 15. Nxc6 Qxc6 {½-½ (45) Carlsen,M (2843)-Anand,V (2760) Stavanger 2018}) 13... Qh4 14. Nf3 $146 ({Predecessor:} 14. Nxc6 bxc6 15. O-O {½-½ (26) Voigt,D (2136)-Dewald,H (1937) ICCF email 2014}) 14... Qh5 15. Nd4 Qh4 16. Nf3 Qh5 17. Nd4 Qh4 1/2-1/2

[Event "TUR-chT Superleague 2018"]
[Site "Ankara"]
[Date "2018.07.29"]
[Round "5"]
[White "Kuzubov, Yuriy"]
[Black "Mamedov, Rauf"]
[Result "1/2-1/2"]
[WhiteElo "2660"]
[BlackElo "2708"]
[Annotator "TA"]
[PlyCount "60"]
[EventDate "2018.07.25"]
[EventType "team-tourn"]
[EventCountry "TUR"]
[SourceTitle "playchess.com"]
[Source "ChessBase"]
[SourceQuality "1"]

{[%evp 28,60,22,18,19,19,29,10,9,9,9,7,9,10,22,13,22,22,27,20,27,0,19,20,29,0,0,0,0,0,5,5,5,6,10]} 1. e4 e5 2. Nf3 Nc6 3. Bb5 Nf6 4. O-O Nxe4 5. Re1 Nd6 6. Nxe5 Be7 7. Bf1 Nxe5 8. Rxe5 O-O 9. d4 Bf6 10. Re1 Re8 {C67: Ruy Lopez: Berlin Defence: 4 0-0 Nxe4} (10... Nf5 11. d5 Re8 12. Rxe8+ Qxe8 13. Qd3 d6 14. Nd2 Bg5 15. Nf3 Bxc1 16. Rxc1 Bd7 17. Re1 Qd8 18. Qc4 {1-0 (31) Carlsen,M (2843)-Aronian,L (2764) Stavanger 2018}) 11. c3 Rxe1 12. Qxe1 Qe8 13. Qxe8+ Nxe8 14. Bf4 d5 {[#]} 15. Nd2 $146 {LiveBook: 5 Games} ({Predecessor:} 15. Bd3 Be7 16. Nd2 Bd6 17. Re1 Kf8 18. Bxd6+ Nxd6 {½-½ (31) Cornette,M (2578)-Le Roux,J (2576) Geneve 2013}) 15... Be7 16. Re1 Kf8 17. f3 Bd6 18. Bxd6+ Nxd6 19. Kf2 Bd7 20. Bd3 h6 21. Nf1 (21. h4 {is interesting.} Re8 22. Re5 Be6 23. g4 b6 24. Nf1) 21... Re8 22. Rxe8+ Kxe8 $11 {[%mdl 4096] Endgame KBN-KBN} 23. Ne3 c6 24. h4 Ke7 25. g4 g5 26. hxg5 hxg5 {The position is equal.} 27. Kg3 f6 28. f4 Be6 29. f5 Bf7 30. Kf2 Kd7 {Precision: White = 50%, Black = 43%.} 1/2-1/2

[Event "TUR-chT Superleague 2018"]
[Site "Ankara"]
[Date "2018.07.29"]
[Round "5"]
[White "Salgado Lopez, Ivan"]
[Black "Yilmaz, Mustafa"]
[Result "1/2-1/2"]
[WhiteElo "2643"]
[BlackElo "2624"]
[Annotator "TA"]
[PlyCount "46"]
[EventDate "2018.07.25"]
[EventType "team-tourn"]
[EventCountry "TUR"]
[SourceTitle "playchess.com"]
[Source "ChessBase"]
[SourceQuality "1"]

{[%evp 27,46,46,45,-16,-5,-9,0,-6,0,-9,20,22,20,13,9,0,6,0,26,0,0]} 1. e4 c5 2. Nf3 d6 3. d4 cxd4 4. Nxd4 Nf6 5. Nc3 a6 6. Be3 e5 7. Nb3 Be6 8. f3 h5 9. Qd2 Nbd7 10. Nd5 {B90: Sicilian Najdorf: Unusual White 6th moves, 6 Be3 Ng4 and 6 Be3 e5} Bxd5 11. exd5 g6 12. O-O-O Nb6 13. Kb1 Nbxd5 14. Bg5 Be7 {LiveBook: 8 Games} 15. Bd3 (15. Bc4 $14) 15... Qc7 $11 16. Rhe1 {[#]} Nb6 $146 ({Predecessor:} 16... O-O-O) 17. Qe2 O-O-O 18. Na5 Na4 19. Bd2 Nc5 20. Nc4 Qc6 21. Na5 Qc7 22. Nc4 Qc6 ({Of course not} 22... Nxd3 $6 23. cxd3 Kb8 24. Ba5 $16) 23. Na5 Qc7 {Precision: White = 37%, Black = 65%.} 1/2-1/2

[Event "TUR-chT Superleague 2018"]
[Site "Ankara"]
[Date "2018.07.29"]
[Round "5"]
[White "Gledura, Benjamin"]
[Black "Gulden, Egemen"]
[Result "1/2-1/2"]
[WhiteElo "2626"]
[BlackElo "2085"]
[Annotator "TA"]
[PlyCount "83"]
[EventDate "2018.07.25"]
[EventType "team-tourn"]
[EventCountry "TUR"]
[SourceTitle "playchess.com"]
[Source "ChessBase"]
[SourceQuality "1"]

{[%evp 15,83,57,88,66,72,47,54,38,39,25,15,18,29,21,39,20,37,2,0,0,30,19,39,9,41,20,74,10,90,38,75,58,65,71,72,35,61,33,29,-50,-18,-98,0,-101,-108,-419,-398,-393,-385,-462,-451,-434,-386,-662,-651,-586,-507,-452,-318,-249,0,0,0,0,0,0,0,0,0,0]} 1. Nf3 Nf6 2. c4 g6 3. Nc3 Bg7 4. e4 d6 5. d4 O-O 6. Be2 c5 7. O-O Bg4 8. d5 Nfd7 {LiveBook: 11 Games. E91: King's Indian: Classical: 6 Be2, unusual replies including 6...c5 and 6...Bg4} (8... Re8 9. Be3 Nbd7 10. Re1 a6 11. Qc2 Rb8 12. a4 Bxf3 13. Bxf3 e6 14. h3 exd5 15. exd5 Qa5 16. Bd2 Rxe1+ 17. Rxe1 {0-1 (54) Khismatullin,D (2632)-Ponkratov,P (2601) Sochi 2018}) 9. Bd2 Na6 10. a3 Nc7 {White is slightly better.} 11. Rb1 e6 12. h3 Bxf3 $1 13. Bxf3 exd5 $146 ({Predecessor:} 13... Re8 14. Re1 Rc8 15. Qc2 Qh4 16. Bg4 {0-1 (43) Ivekovic,T (2079)-Fernandez,D (2400) Cardiff 2014}) 14. exd5 f5 15. b4 b6 16. Qa4 Ne5 17. Be2 f4 18. f3 Ne8 19. Ne4 $36 {[%mdl 2048] White has good play.} Rf7 20. Rfe1 Rc8 (20... Nd7 $1 $11) 21. Rbc1 (21. bxc5 $16 {Strongly threatening c6.} dxc5 22. Qc2) 21... h6 (21... Nd7 $1 $11) 22. Bf1 (22. Qc2 $16) 22... g5 23. Bc3 h5 24. bxc5 bxc5 25. Qa5 Qe7 26. Qa6 Rb8 27. Be2 ({White should try} 27. Rb1 $11 Rxb1 28. Rxb1) 27... g4 $1 $15 28. fxg4 {[#]} (28. Rb1 $1 $11 {remains equal.} Rxb1 29. Rxb1) 28... hxg4 (28... Qh4 $1 $17 {White must now prevent ...f3.} 29. Red1 (29. gxh5 $2 f3 $19) 29... f3) 29. Bxg4 (29. Bxe5 $1 $11 {was the only way to keep the balance.} Bxe5 30. Bxg4) 29... Nxg4 $17 30. Nf6+ $2 {[%mdl 8192]} ({Much weaker is} 30. hxg4 $6 Qh4 $11) (30. Nxd6 $17 {was the crucial defense.} Ne3 31. Nxf7 Kxf7 32. Bxg7 Kxg7 33. Qa5) 30... Ngxf6 $19 31. Rxe7 Rxe7 32. Rf1 Nh5 33. Bxg7 Rxg7 34. Qc6 $2 (34. Qa5 Ng3 35. Re1) 34... Re7 35. Kh2 Rb2 36. Qc8 Ree2 37. Rf2 Rxf2 $2 (37... Kf8 $19 38. Rxe2 Rxe2) 38. Qxe8+ $11 {The position is equal.} Kg7 39. Qd7+ $1 Kg6 40. Qg4+ Kh6 {[#] ( -> ...Rbe2)} 41. Qe6+ Kg5 42. Qg4+ $1 {Precision: White = 22%, Black = 49%.} 1/2-1/2

[Event "TUR-chT Superleague 2018"]
[Site "Ankara"]
[Date "2018.07.29"]
[Round "5"]
[White "Zhigalko, Sergei"]
[Black "Rakhmanov, Aleksandr"]
[Result "1-0"]
[WhiteElo "2616"]
[BlackElo "2627"]
[Annotator "TA"]
[PlyCount "131"]
[EventDate "2018.07.25"]
[EventType "team-tourn"]
[EventCountry "TUR"]
[SourceTitle "playchess.com"]
[Source "ChessBase"]
[SourceQuality "1"]

{[%evp 19,131,10,15,12,16,10,20,18,13,13,18,2,2,0,6,0,5,6,9,2,11,0,0,0,5,0,5,8,14,3,8,0,36,32,38,38,64,54,49,58,50,53,69,68,64,73,87,81,92,102,110,88,89,104,148,37,207,209,170,180,198,167,185,167,127,73,37,0,0,0,2,4,8,11,16,23,24,9,65,0,456,413,543,662,522,520,458,327,881,703,1008,912,12829,1687,12837,12837,12837,12837,12839,12839,12840,12840,12841,12841,29984,29985,29985,29986,29986,29987,29987,29987,29987,29988]} 1. e4 e5 2. Nf3 Nf6 3. Nxe5 d6 4. Nf3 Nxe4 5. d4 d5 6. Bd3 Bf5 {C42: Petroff Defence: 3 Nxe5 and unusual White 3rd moves} (6... Bd6 7. O-O O-O 8. c4 c6 9. Nc3 Nxc3 10. bxc3 dxc4 11. Bxc4 Bf5 12. Ng5 h6 13. Qf3 Bg6 14. Ne4 Bxh2+ 15. Kxh2 Qh4+ 16. Qh3 Qxh3+ 17. gxh3 Bxe4 18. Rg1 Re8 19. Bxh6 g6 {½-½ (40) Vachier Lagrave,M (2789)-Caruana,F (2822) Stavanger 2018}) 7. O-O Be7 8. Nbd2 O-O 9. Re1 Nd6 10. Bxf5 Nxf5 {LiveBook: 4 Games} 11. Nf1 c6 12. Qd3 Nd6 13. Bf4 Na6 {[%cal Bb8a6,Ba6c7,Bc7e6,Be6g7,Bg7f5][%mdl 32] [#]} 14. Ne3 $146 ({Predecessor:} 14. Qb3 Nc7 15. Ne3 Re8 16. c3 Rb8 17. Re2 {½-½ (49) Romanov,E (2619)-Khismatullin,D (2632) Sochi 2018}) 14... Nc7 15. Nf5 Nxf5 16. Qxf5 Ne6 17. Bg3 Bf6 (17... g6 {looks sharper.} 18. Qd3 Re8 19. Re2 Ng7 20. Rae1 Bf6) 18. c3 g6 19. Qc2 Ng7 20. Re2 Re8 21. Be5 Bxe5 22. Nxe5 Nf5 23. Rae1 {[%cal Ba1e1,Be1e2,Be2e5][%mdl 32]} Kg7 24. Qc1 Nd6 25. Ng4 {Qh6+ would kill now.} Rxe2 26. Qh6+ Kh8 {[%cal Re2e1]} 27. Rxe2 Nf5 28. Qf4 $36 {[%mdl 2048] White is more active.} Kg7 $1 29. Re5 Qf8 30. h4 {[%cal Bh2h4,Bh4h5,Bh5h6][%mdl 32]} Re8 $1 31. h5 f6 $1 {[%cal Rf6e5]} 32. h6+ $1 Kf7 33. Rxf5 $1 gxf5 34. Qxf5 $16 {[%mdl 4096] Endgame KQR-KQN} Ke7 35. Qxh7+ Qf7 36. Qf5 Qe6 37. Qf4 (37. Ne3 $1 $16) 37... Qd6 $2 (37... Qf7 $1 $14) 38. Qxd6+ $1 $18 Kxd6 39. Nxf6 {KR-KN} Rh8 40. Ng4 Ke6 41. Kh2 $1 Kf5 42. Kg3 ({Better is} 42. Kh3 $1) 42... Re8 $16 43. f4 {And now Ne5 would win.} Re1 $1 ({Don't play} 43... Rg8 44. Kh3 $16 (44. h7 Rh8 $11)) 44. h7 Re8 45. Kf3 {Strongly threatening Ne5.} Rh8 $1 46. Ne5 Rxh7 47. g4+ Kf6 48. Kg2 a5 (48... Rc7 $11) 49. f5 ({White should play} 49. Kg3 $14) 49... c5 $2 {[%mdl 8192]} (49... Kg5 $11 {and Black has nothing to worry.}) 50. Kg3 $1 $18 {[%cal Rg3f4]} cxd4 51. cxd4 Rh1 {[#]} 52. Kf4 $1 Rf1+ 53. Nf3 Rf2 $2 (53... a4 54. g5+ Kg7) 54. g5+ {[%cal Bg4g5,Bg5g6][%mdl 32]} Ke7 55. Kg3 Rxb2 56. f6+ Ke6 {[#]} 57. Ne5 $1 Rb1 58. f7 Rf1 59. g6 {White threatens g7 and mate.} Ke7 60. a4 b6 61. Kg4 Kf8 62. Nd7+ {White mates.} Kg7 63. f8=Q+ Rxf8 64. Nxf8 Kxf8 65. Kg5 Kg7 66. Kf5 {Precision: White = 65%, Black = 55%.} 1-0

[Event "TUR-chT Superleague 2018"]
[Site "Ankara"]
[Date "2018.07.29"]
[Round "5"]
[White "Baryshpolets, Andrey"]
[Black "Kovalev, Vladislav"]
[Result "1/2-1/2"]
[WhiteElo "2603"]
[BlackElo "2655"]
[Annotator "TA"]
[PlyCount "85"]
[EventDate "2018.07.25"]
[EventType "team-tourn"]
[EventCountry "TUR"]
[SourceTitle "playchess.com"]
[Source "ChessBase"]
[SourceQuality "1"]

{[%evp 19,85,18,14,20,10,8,13,16,31,35,37,38,30,0,6,0,0,2,11,5,8,5,4,5,4,9,9,3,6,0,11,3,22,17,6,0,0,0,0,0,0,0,0,0,0,0,0,0,0,0,0,0,0,0,0,0,0,0,0,0,0,0,0,0,0,0,0,0]} 1. d4 Nf6 2. c4 {[%cal Bc2c4,Bc4c5][%mdl 32]} e6 3. Nf3 d5 4. Nc3 Be7 5. Bf4 O-O 6. e3 Nbd7 7. c5 {D37: Damengambit (5.Lf4)} (7. g4 dxc4 8. Bxc4 c5 9. g5 Nh5 10. Bg3 g6 11. Qe2 cxd4 12. Nxd4 Nb6 13. Bb3 Bb4 14. Nf3 Bd7 {1-0 (73) Mamedyarov,S (2808)-Karjakin,S (2782) Paris 2018}) 7... Ne4 8. Nxe4 dxe4 9. Ne5 Nxe5 10. Bxe5 b6 {LiveBook: 7 Partien} 11. Qc2 bxc5 12. dxc5 {Mit der Idee Td1.} Qd5 13. Qc3 f6 $146 ({Vorgänger:} 13... Rd8 14. Rc1 Bxc5 {½-½ (25) Costa Trillo,V (2293)-Thompson,B (2339) ICCF email 2016}) 14. Bxc7 Qxc5 15. Qxc5 Bxc5 16. Bc4 Bb4+ {Die Stellung ist ausgeglichen.} 17. Ke2 Rf7 18. Bg3 a5 19. Rhd1 {und nun wäre a3 stark für Weiss.} Ba6 20. Rac1 Rb7 21. Bxa6 Rxa6 22. Rd4 Be7 23. Rc2 ({Viel schwächer wäre} 23. Rxe4 Rxb2+ 24. Kf3 Rxa2 $17) 23... f5 24. Be5 Kf7 25. Rdc4 Rb5 26. Bc3 Bf6 27. Rc7+ Kg6 28. Bxf6 Kxf6 $11 {[%mdl 4096] Endspiel KTT-KTT} 29. R7c5 Rb7 30. Rc7 Rb5 31. R7c5 Rb7 32. Kd2 Rd6+ 33. Kc1 a4 34. Rc7 Rb8 35. Rc8 Rb5 36. R2c5 Rb7 37. R5c7 Rb5 38. Rc6 Rd7 39. Rc5 Rb6 40. R5c6 Rb5 41. R6c7 Rd6 42. Rc5 Rb7 43. R8c7 {Precision: Weiß = 82%, Schwarz = 76%.} 1/2-1/2

[Event "TUR-chT Superleague 2018"]
[Site "Ankara"]
[Date "2018.07.29"]
[Round "5"]
[White "Solak, Dragan"]
[Black "Can, Emre"]
[Result "1-0"]
[WhiteElo "2603"]
[BlackElo "2605"]
[Annotator "RC"]
[PlyCount "89"]
[EventDate "2018.07.25"]
[EventType "team-tourn"]
[EventCountry "TUR"]
[SourceTitle "playchess.com"]
[Source "ChessBase"]
[SourceQuality "1"]
[TimeControl "40/5400+30:1800+30"]

1. e4 {[%emt 0:00:30]} c5 {[%emt 0:01:00]} 2. Nf3 {[%emt 0:00:30]} d6 {[%emt 0:00:30]} 3. d4 {[%emt 0:00:30]} cxd4 {[%emt 0:00:30]} 4. Nxd4 {[%emt 0:00:30]} Nf6 {[%emt 0:00:00]} 5. Nc3 {[%emt 0:00:00]} a6 {[%emt 0:00:00]} 6. Bg5 {[%emt 0:00:00]} e6 {[%emt 0:00:00]} 7. f4 {[%emt 0:00:00]} h6 {[%emt 0:01:00]} 8. Bh4 {[%emt 0:00:00]} Qb6 {[%emt 0:00:30]} 9. Qd2 {[%emt 0:01:30]} Qxb2 {[%emt 0:00:30]} 10. Rb1 {[%emt 0:00:30]} Qa3 {[%emt 0:00:30]} 11. e5 {[%emt 0:00:00]} dxe5 {[%emt 0:01:30]} 12. fxe5 {[%emt 0:00:00]} g5 {[%emt 0:00:00]} 13. exf6 {[%emt 0:01:30]} gxh4 {[%emt 0:00:00]} 14. Be2 {[%emt 0:00:00]} e5 {[%emt 0:00:30]} 15. Nb3 {[%emt 0:00:00]} Nc6 {[%emt 0:00:30]} 16. Nd5 {[%emt 0:06:30]} Qd6 {[%emt 0:03:30]} 17. O-O {[%emt 0:11:30]} Nd4 {[%emt 0:19:30]} 18. c4 {[%emt 0:06:30]} Nxe2+ {[%emt 0:06:30]} 19. Qxe2 {[%emt 0:00:30]} Rg8 {[%emt 0:00:30]} 20. Nd2 {[%emt 0:16:30]} Bg4 {[%emt 0:15:30]} 21. Qd3 {[%emt 0:06:30]} Qc6 {[%emt 0:00:30]} 22. Ne4 {[%emt 0:16:30]} Bc5+ {[%emt 0:05:30]} 23. Kh1 {[%emt 0:05:30]} h3 {[%emt 0:00:30]} 24. gxh3 {[%emt 0:01:30]} Be6 {[%emt 0:00:30]} 25. Nxc5 {[%emt 0:07:24]} Qxc5 {[%emt 0:00:30]} 26. Rxb7 {[%emt 0:02:30]} O-O-O {[%emt 0:16:30]} 27. Qb3 {[%emt 0:04:49]} Bxd5+ {[%emt 0:00:30]} 28. cxd5 {[%emt 0:00:16]} Qxd5+ {[%emt 0:00:30]} 29. Qxd5 {[%emt 0:00:30]} Rxd5 {[%emt 0:00:00]} 30. Ra7 {[%emt 0:04:49]} Rb5 {[%emt 0:05:00]} 31. Rxf7 {[%emt 0:01:20]} Rb7 {[%emt 0:00:30]} 32. Rxb7 {[%emt 0:02:34]} Kxb7 {[%emt 0:00:30]} 33. f7 {[%emt 0:03:04]} Rf8 {[%emt 0:00:30]} 34. Rf6 {[%emt 0:00:00]} Kc8 {[%emt 0:01:30]} 35. Kg2 {[%emt 0:00:08]} Kd8 {[%emt 0:09:23]} 36. Rxa6 {[%emt 0:01:06]} Ke7 {[%emt 0:00:08]} 37. Ra7+ {[%emt 0:00:18]} Kf6 {[%emt 0:00:05]} 38. a4 {[%emt 0:01:45]} Kg7 {[%emt 0:01:17]} 39. a5 {[%emt 0:00:53]} Rc8 {[%emt 0:03:11]} 40. a6 {[%emt 0:00:00]} Rc6 {[%emt 0:00:56]} 41. Kf3 {[%emt 0:06:04]} e4+ {[%emt 0:07:30]} 42. Kxe4 {[%emt 0:02:30]} Rc4+ {[%emt 0:03:30]} 43. Kd5 {[%emt 0:02:30]} Ra4 {[%emt 0:00:00]} 44. Ke6 {[%emt 0:00:30]} Rf4 {[%emt 0:01:00]} 45. Rc7 {[%emt 0:06:32]} 1-0

[Event "TUR-chT Superleague 2018"]
[Site "Ankara"]
[Date "2018.07.29"]
[Round "5"]
[White "Goganov, Aleksey"]
[Black "Zubov, Alexander"]
[Result "1-0"]
[WhiteElo "2576"]
[BlackElo "2611"]
[Annotator "TA"]
[PlyCount "193"]
[EventDate "2018.07.25"]
[EventType "team-tourn"]
[EventCountry "TUR"]
[SourceTitle "playchess.com"]
[Source "ChessBase"]
[SourceQuality "1"]

{[%evp 21,193,27,39,41,57,47,67,68,71,47,42,24,34,8,9,6,39,33,41,41,37,31,34,34,110,113,415,420,397,7,234,230,239,90,289,254,234,228,240,43,37,47,46,50,52,53,93,102,114,70,104,90,154,151,160,128,135,99,88,58,77,52,225,232,290,270,269,235,381,385,420,280,491,485,410,393,216,47,83,0,0,0,0,0,0,0,0,0,0,0,0,0,0,0,0,0,0,0,0,0,0,0,0,0,0,0,0,0,12851,0,0,0,0,0,0,0,0,0,0,0,0,0,0,0,0,0,0,0,0,0,0,0,0,0,0,0,0,0,0,0,0,0,0,0,12851,12851,12851,12851,12851,12851,12851,12851,12851,12851,12851,12851,12851,12851,12851,12851,12851,12851,12851,29965,12851,29972,12851,29973,12851,29969,12851,29963,12851,29941]} 1. d4 d5 2. c4 dxc4 3. e3 Nf6 4. Bxc4 e6 5. Nf3 c5 6. O-O a6 7. Nc3 b5 8. Be2 Bb7 9. dxc5 Bxc5 10. Qxd8+ Kxd8 11. Nd2 {D27: Queen's Gambit Accepted: Classical main line: 7 e4!? and 7 a4} Nc6 {LiveBook: 5 Games} (11... Ke7 12. Nb3 Bb6 13. a4 b4 14. a5 Bc7 15. Na4 Nbd7 16. Bd2 Bd6 17. Rfc1 Rhc8 18. Nb6 Rxc1+ 19. Rxc1 Nxb6 20. axb6 {1-0 (31) Carlsen,M (2832)-So,W (2815) chess.com INT 2017}) 12. Nb3 Bb4 13. a4 {White is slightly better.} bxa4 14. Nxa4 Nd7 15. Rd1 Ke7 {[#]} 16. Bd2 $146 ({Predecessor:} 16. e4 a5 17. Be3 Rhc8 18. f3 Nce5 {½-½ (40) Grachev,B (2675)-Stukopin,A (2544) Yerevan 2014}) 16... Rhc8 17. Rac1 {Black should prevent Rxc6!} Bxd2 18. Rxd2 Nce5 19. Rxc8 Rxc8 20. f4 $36 {[%mdl 2048] White fights for an advantage.} Ng6 21. Na5 Rc1+ 22. Kf2 Bc8 (22... Nf6 $14 23. Nc3 Ba8) 23. Nc3 $16 Nc5 $2 {[%mdl 8192]} (23... f5 $16 {is more resistant.}) 24. Nc6+ $18 Kf6 25. Bf3 $2 (25. g4 $18 {White threatens g5+ and mate.} h6 26. Rd4) 25... Nh4 $2 (25... Bb7 $11 {and Black is okay.}) 26. Ne5 $1 Ke7 27. Ba8 (27. Ne2 $18 Rh1 28. Rc2 Nxf3 29. gxf3 Rxh2+ 30. Kg3 Rxe2 31. Rxe2) 27... Ng6 $2 (27... f6 $16 {was called for.} 28. Ne2 Rb1) 28. Nc6+ Kf6 29. g4 h6 30. Rd8 $2 ({White has to play} 30. Rd4 $1 $18) 30... Bd7 $14 {[#]} 31. Rxd7 $1 {[%mdl 512]} Rxc3 {[#]} (31... Nxd7 32. Ne4#) 32. Rxf7+ $1 {[%mdl 512]} Kxf7 33. bxc3 {[%mdl 4096] Endgame KBN-KNN} Kf6 34. Na5 e5 35. Kg3 Nh8 36. Bd5 g5 (36... Ng6 $142) 37. f5 $16 Nf7 38. Bxf7 Kxf7 {KN-KN} 39. Kf3 e4+ 40. Ke2 Nd7 $1 41. Nb7 Kf6 $2 (41... Ke7 $14) 42. h3 $1 $18 Ke5 {[#]} 43. c4 $1 Nf6 {[#] intending ...h5.} 44. Nd8 $1 {[%cal Rd8f7]} Kd6 (44... Ng8 $142 45. Kd2 h5) 45. Kd2 h5 46. gxh5 Nxh5 $2 (46... Ke5 {is a better defense.} 47. h6 Kxf5) 47. Nf7+ Ke7 48. Nxg5 Ng3 49. Ne6 $2 (49. h4 $18) 49... Nf1+ $14 50. Ke2 (50. Kc3 $16) 50... Ng3+ $11 51. Kf2 Nxf5 52. Nc5 Nd6 53. Nxa6 Nxc4 54. Nc5 Kf6 $1 55. Nxe4+ Kf5 56. Ng3+ Kg5 57. Ne2 Nd2 58. Ng3 Nc4 59. Nf1 Kh4 60. Kg2 Nd6 61. Nd2 Kg5 62. Kf3 Kh4 63. Ne4 Nf5 64. Nf2 Kg5 65. Nd3 $2 ({Better is} 65. Ke4 $18 Ne7 66. Ke5) 65... Kh4 66. Nf4 {Hoping for Ke4.} Nd6 67. e4 Nc4 68. Kf2 Ne5 69. Kg2 Nf7 70. Ne6 {And now Nd4 would win.} Nd6 71. Nc5 Nf7 72. Nd3 Ng5 73. Nf2 Ne6 74. Kf3 {Strongly threatening e5.} Kg5 75. Kg3 Nd4 76. Nd3 {aiming for h4+.} Ne2+ 77. Kf2 Nd4 78. Ke3 Nc2+ (78... Nc6 {looks sharper.} 79. Nf4 Kh4 80. Kf3 Ne5+ 81. Kg2) 79. Kf3 {Kg3 is the strong threat.} Nd4+ 80. Kf2 {Black must now prevent Ke3.} Kh4 81. Nf4 {Threatens to win with Ne2.} Nc6 82. Kg2 $2 {[%mdl 8192]} (82. Ne2 $11 Kxh3 83. Kf3) 82... Ne5 $2 {[%mdl 8192]} (82... Nd4 $11 83. Kf2 Nc6) 83. Ne2 $18 Nd3 84. Ng1 Nf4+ 85. Kh2 Kg5 86. Nf3+ Kh5 87. Kg3 Ne2+ 88. Kf2 Nf4 89. Ng1 Kh4 90. Ke3 Ng6 91. Kf3 Ne5+ 92. Kf4 Ng6+ 93. Kf5 Ne7+ 94. Kf6 (94. Ke6 $18 Nc6 95. Kf6) 94... Ng8+ 95. Kf7 (95. Kg7 $18 Ne7 96. Kf6 Ng8+ 97. Kf7 Nh6+ 98. Kg7) 95... Nh6+ 96. Kg6 Ng8 97. e5 {Precision: White = 62%, Black = 53%.} 1-0